Quiz dekady lat 30. XX wieku - Statystyki

Ogólne statystyki
  • Ten quiz został rozwiązany 7 razy
  • Średni wynik to 6 z 20
Statystyki odpowiedzi
Wskazówka Odpowiedź % Poprawnych
Państwo najechane przez Niemcy (i Związek Radziecki), co często uważa się za początek II wojny światowej Polska
100%
Styl projektowania zilustrowany powyżej Art {Deco}
83%
Artysta, który namalował „Guernicę” Pablo Picasso
83%
Państwo, w którym wojnę domową nazywano „próbą generalną” przed II wojną światową Hiszpania
67%
Komunista, który poprowadził swoje siły w „Długim Marszu” Mao Zedong
67%
Kryzys gospodarczy, który trwał przez większą część dekady Wielki kryzys
67%
Nowojorski wieżowiec, który w 1931 roku stał się najwyższym budynkiem na świecie Empire State Building
50%
Państwo, które najechało Etiopię Włochy
50%
Aktor grający Rhetta Butlera w filmie „Przeminęło z wiatrem” Clark Gable
17%
Okres w historii Stanów Zjednoczonych, który zakończył się ratyfikacją 21. poprawki Prohibicja
17%
Dziecięca aktorka, która zachwyciła publiczność w filmach „Curly Top” i „Heidi” Shirley Temple
17%
Pilot who disappeared over the Pacific in 1937 Amelia Earhart
0%
Znana Brytyjka, która poślubiła amerykańską rozwódkę Wallis Simpson Edward, książę Windsoru
0%
Partnerka taneczna Ginger Rogers Fred Astaire
0%
Książka Johna Steinbecka o biednych mieszkańcach Oklahomy szukających pracy w Kalifornii Grona gniewu
0%
Instrument muzyczny, na którym grają liderzy zespołu Benny Goodman i Artie Shaw Klarnet
0%
Baseballista, u którego zdiagnozowano chorobę SLA Lou Gehrig
0%
Partner komediowy Stana Laurela Oliver Hardy
0%
Postać z „Czarnoksiężnika z Krainy Oz”, która nie miała mózgu Scarecrow
0%
Uzupełnij lukę: „jedyną rzeczą, której powinniśmy się bać, jest ____ ______” Strach
0%
Nie znaleziono quizów pasujących do podanych kryteriów
Rozkład punktacji
Procent ludzi z każdym wynikiem
Percentyl według liczby udzielonych odpowiedzi
Twoja historia wyników
Nie rozwiązałeś tego quizu